00385nam a2200121Ia 4500008004100000082001500041100002900056245003900085300001500124942000700139999001900146952009800165230907s9999||||xx |||||||||||||| ||und|| a333.79,NAR aNarbel, Patrick.9115090 0aEnergy Technologies and Economics/ ax, 255 p.: cBK c597526d597526 00104070aCAS-EbCAS-Ed2018-04-09l0o333.79,NARpCAS-E0001625r2023-09-12w2023-09-12yBK